000 00785nam a2200265Ia 4500
003 OSt
005 20220928113703.0
006 a|||||r|||| 00| 0
007 ta
008 220927b |||||||| |||| 00| 0 eng d
020 _cUKP 110.00
024 _a134068
037 _b66, 01/03/2017, Kiran Book Service
_cTextual
040 _aSDCL
_cSDCL
_beng
041 _2eng
_aeng
082 _aV1(Q7)'P, Q5
100 _aKaratnycky Adrian Ed.
_9434507
245 0 _aHistory of islamic societies
260 _aUK
_bKoros Press
_c2015
300 _avii,304p.
_ccm.
650 _aHistory
700 _a Miles M. Ed.
_9434508
942 _hV1(Q7)'P, Q5
_cTEXL
_2CC
999 _c750835
_d750835